Bread - Sudden Death - Statistics

General Stats
  • This quiz has been taken 10,946 times
    9,512 since last reset
  • The average score is 12 of 16
Answers on the Grid
Answers color-coded by a green-red scale on the quiz's grid according to % correct below.
Bagel
Sourdough
Baguette
Naan
Ciabatta
Cornbread
English muffin
Focaccia
Matzah
Pita
Pretzel
Pumpernickel
Roti
Tiger bread
Tortilla
Challah
Patella
Breadfruit
Man bun
Fusilli
Camembert
Borne
Hock
Pomeranian
Brisket
Samovar
Surat
Windmolen
Habanero
Weetabix
 
Answer Stats
Answer % Correct
Baguette
88%
Bagel
87%
Pita
86%
Sourdough
84%
Cornbread
83%
Naan
82%
Tortilla
80%
Ciabatta
79%
Pretzel
79%
Focaccia
78%
English muffin
76%
Pumpernickel
66%
Roti
54%
Matzah
52%
Challah
51%
Tiger bread
50%
No matching quizzes found
Score Distribution
Percent of People with Each Score
Percentile by Number Answered
Your Score History
You have not taken this quiz since the last reset